000 01305cam a22003857a 4500
003 CHAP
005 20220329133105.0
008 971013s1991 r 00010 d
010 _a2022
011 _a2994
035 _a2194
040 _cCHAP
090 _aTesis
100 0 0 _aTadeo Robledo, Margarita.
_9111326
245 0 _aProducción de semillas en híbridos de maíz con problemas de sincronización en la floración de sus progenitores
260 _aMontecillo, Méx. :
_bEl autor,
_c1991
300 _a64 h
500 _aD44-52
502 _aTesis (Maestro en Ciencias Esp. en Genética) -- C.P. Centro de Genética
590 _aALEPH
_b10
_c20130110
_lUCH01
_h1211
590 _aBATCH-UPD
_b10
_c20130110
_lUCH01
_h0152
590 _aBATCH-UPD
_b10
_c20130110
_lUCH01
_h1718
590 _aBATCH-UPD
_b10
_c20130410
_lUCH01
_h1103
590 _aBATCH-UPD
_b10
_c20130914
_lUCH01
_h1747
590 _aCONVERSION
_b10
_c20130109
_lUCH01
_h1302
650 1 4 _aMaíz
_xFloración.
_970959
650 1 4 _aMaíz
_xGenética.
_970963
650 1 4 _aMaíz
_xHíbridos.
_970974
650 1 4 _aMaíz
_xSemilla.
_971059
650 1 4 _aSincronización.
_9106555
901 _aBK
942 _cFOLL
949 _bBC
_cTES
_d-11692
_eTS1
_h23943
_i2194
_si
949 _bBC
_cTES
_d33724000941506
_eTS2
_fc.2
_h23944
_i2194
_si
999 _c2022
_d2022